00363nam a2200145Ia 45000030006000000080041000060400015000471000026000622450033000882500006001212600053001273000006001805460014001860050017002000STCL150530s9999 xx 000 0 und d aSTCLcSTCL aKalpatta Balakrishnan aCharithra Noval Malayalathil a2 bKerala Sahitya Academi; Thrissurc2005aThrissur a0 aMalayalam20220125171735.0